00429nam a2200157Ia 4500008004100000040001900041041001200060082002700072100002100099245004200120260002600162300001900188650002000207651002300227850002100250131103s9999 xx 000 0 und d aLoreto College aEnglish a823.91/CHRbLCBED/6286 aChristie, Agatha aHickory dickory dockcAgatha Christie aLondonbFontanac1977 a192p. c 18cm. aEnglish fiction aEnglish literature aLCBED/823.91/CHR